000 00205nam a2200097Ia 4500
008 240331s9999 xx 000 0 und d
082 _bPAR
100 _aParthasarathy, I
245 0 _aOwrangazeeb
942 _cL
999 _c3700
_d3700